000 00444nam a2200133Ia 4500
008 220204s9999 xx 000 0 und d
082 _a582.736:007.814:013(540)
_bKAL
100 _aKALU R, Dadarwal
245 0 _aAnnotated bibliography of legume rhizobium research in India(1920-1986)
260 _aHisar
_bAssociation of Microbiologists
_c1987
490 _aPublication no. AM/BNF-1/87
650 _aLegume rhizobium bibliography
942 _cBK
999 _c39676
_d39676